000 00275nam a22001217a 4500
008 180220b xxu||||| |||| 00| 0 eng d
041 _aeng
080 _a32
100 _a23
101 _aPOL
245 _aCAPITALISM SOURCES OF HOSTILITY
_cERNEST.V.D.H
942 _2udc
_cBK
999 _c42952
_d42952